Management and work study (Record no. 498262)

000 -LEADER
fixed length control field 00461cam a22001097a 4500
008 - FIXED-LENGTH DATA ELEMENTS--GENERAL INFORMATION
fixed length control field 180718b1962 xxu||||| |||| 00| 0 eng d
082 ## - DEWEY DECIMAL CLASSIFICATION NUMBER
Classification number T83 In2m
245 ## - TITLE STATEMENT
Title Management and work study
Statement of responsibility, etc. by Organisation and Methhods Division, Department of Cabinet Affairs, India
260 ## - PUBLICATION, DISTRIBUTION, ETC.
Place of publication, distribution, etc. New Delhi
Name of publisher, distributor, etc. Organisation and Methhods Division, Department of Cabinet Affairs
Date of publication, distribution, etc. 1962
300 ## - PHYSICAL DESCRIPTION
Extent 27p
700 ## - ADDED ENTRY--PERSONAL NAME
Personal name India. Department of Cabinet Affairs. Organisation and Methhods Division
Holdings
Withdrawn status Lost status Damaged status Not for loan Permanent Location Current Location Date acquired Full call number Barcode Date last seen Price effective from Koha item type
        Indian Institute of Public Administration Indian Institute of Public Administration 2018-08-04 T83 In2m GG132 2018-08-04 2018-08-04 GG

Powered by Koha